000 01190nam0a2200313 4500
001 RU\NLR\b_ik\104223
005 20250616225151.0
010 _a5-354-00346-6
_91000
035 _a(NLR Aleph) 002178074
090 _a2745279
_c2745279
100 _a20031216d2003 |||y0rusy50 ca
101 1 _aeng
_crus
102 _aRU
105 _aa |||||||||
200 1 _aThe quantum theory of gravitation
_e[Transl. from the Russ.]
_fVasily Yanchilin
210 _aM.
_cURSS
_d2003
215 _a247 с.
_cил.
_d22
225 1 _aRelata Refero
300 _aНа обороте тит. л.: Квантовая теория гравитации / Янчилин Василий Леонидович
320 _aБиблиогр.: с. 244-247 (82 назв.)
517 0 _aКвантовая теория гравитации
606 0 _aГравитация
_xТеория квантовая
_9913198
_3RU\NLR\AUTH\66333790
606 0 _aТяготение
_xКвантовая теория
_92268530
_3RU\NLR\AUTH\661359789
686 4 _aВ313.3
700 1 _aJančilin
_bV. L.
_gVasilij Leonidovič
_4070
801 0 _aRU
_bNLR
_c20031216
_gPSBO
942 _cBOOK
980 _aNB